Phòng, chống tham nhũng, tiêu cực trong các cơ quan hành chính nhà nước cấp trung ương thông qua công tác kiểm tra, giám sát của Đảng

Kaydedildi:
Detaylı Bibliyografya
Asıl Yazarlar:  Phòng, chống tham nhũng, tiêu cực trong các cơ quan hành chính nhà nước cấp trung ương thông qua công tác kiểm tra, giám sát của Đảng,  Trần, Văn Tĩnh
Materyal Türü: Sách
Dil:Undetermined
Baskı/Yayın Bilgisi:  Chính trị Quốc gia - Sự thật  2023
Konular:
Etiketler: Etiketle
Etiket eklenmemiş, İlk siz ekleyin!
Thư viện lưu trữ: Trung tâm Thư viện - Trường Đại học Công nghiệp TP. Hồ Chí Minh
LEADER 00875nam a2200157Ia 4500
001 UIH_08153
008 241002s9999 xx 000 0 und d
082 |a  342.597088 
100 |a  Phòng, chống tham nhũng, tiêu cực trong các cơ quan hành chính nhà nước cấp trung ương thông qua công tác kiểm tra, giám sát của Đảng 
100 |a  Trần, Văn Tĩnh 
245 0 |a  Phòng, chống tham nhũng, tiêu cực trong các cơ quan hành chính nhà nước cấp trung ương thông qua công tác kiểm tra, giám sát của Đảng 
260 |b  Chính trị Quốc gia - Sự thật 
260 |c  2023 
650 |a Đảng Cộng Sản Việt Nam; Tham nhũng 
927 |a Sách 
980 |a Trung tâm Thư viện - Trường Đại học Công nghiệp TP. Hồ Chí Minh